000
00281nam a2200145Ia 4500
100
_a
Sanghi/Ashwin
650
_a
Fiction
942
_c
BK
245
_a
The Krishna Key
260
_b
Westland
_c
2012
082
_a
808.8
_b
SAN
300
_a
475
546
_a
ENGLISH
999
_c
29417
_d
29417